| 000 | 00352nam a22001457a 4500 | ||
|---|---|---|---|
| 008 | 230911b ||||| |||| 00| 0 eng d | ||
| 020 | _a9780205921034 | ||
| 041 | _aeng | ||
| 080 |
_2THIRD EDITION _a101 |
||
| 082 | _a101GRA | ||
| 100 | _a44 | ||
| 101 | _aFILOZ | ||
| 245 |
_aTHE PHILOSOPHY STUDENT WRITER'S MANUAL _cGRAYBOSCH .J.A |
||
| 942 |
_2udc _cBK |
||
| 999 |
_c60313 _d60313 |
||